Marvel Comics Secret Identities Quiz Stats

 Plays Quiz Updated Jun 5, 2018

Score 0/100 Timer 15:00
39 Plays Today
Secret Identity Costumed Name % Correct
Peter ParkerSpider-Man
99.6%
Tony StarkIron Man
93.5%
James Howlett (Logan)Wolverine
91.4%
Bruce BannerIncredible Hulk
90.7%
Victor von DoomDoctor Doom
83.2%
Norman OsbornGreen Goblin
80.2%
Charles XavierProfessor X
79.5%
Johnny StormHuman Torch
79.5%
Steve RogersCaptain America
78.3%
Scott SummersCyclops
77.2%
Sue StormInvisible Woman
73.4%
Jean GreyPhoenix
72.8%
Ben GrimmThing
72.7%
Otto OctaviusDoctor Octopus
67%
Hank McCoyBeast
64.9%
Matt MurdockDaredevil
63%
Eddie BrockVenom
61.7%
Clint BartonHawkeye
61.3%
Wade WilsonDeadpool
57.2%
Bobby DrakeIceman
56.6%
Frank CastlePunisher
56.3%
Kurt WagnerNightcrawler
55.9%
Hank PymWasp
55.8%
Ororo MunroeStorm
55.3%
Wanda MaximoffScarlet Witch
51.7%
Pietro MaximoffQuicksilver
51.7%
Warren Worthington IIIAngel
50.1%
Johnny BlazeGhost Rider
49.3%
Remy LeBeauGambit
48.7%
James RhodesWar Machine
48.1%
Kitty PrydeShadowcat
47.5%
James Buchanan BarnesBucky
45.5%
Carol DanversCaptain Marvel
43.7%
Johann SchmidtRed Skull
41%
Secret Identity Costumed Name % Correct
Wilson FiskKingpin
40.9%
Curt ConnorsLizard
39.5%
Alex SummersHavok
39.4%
Piotr RasputinColossus
38.7%
Cain MarkoJuggernaut
38.3%
Emma FrostWhite Queen
38%
Victor CreedSabretooth
37.8%
Donald BlakeThor
36%
Janet van DyneWasp
35.3%
Felicia HardyBlack Cat
34.8%
Sam WilsonFalcon
33.9%
Nathan SummersCable
33.6%
Danny RandIron Fist
31.8%
Jessica DrewSpider-Woman
31.5%
En Sabah NurApocalypse
28.7%
Max EisenhardtMagneto
28.3%
Jennifer WaltersShe-Hulk
27.7%
Elizabeth BraddockPsylocke
25.8%
May ParkerSpider-Girl
25.6%
Sean CassidyBanshee
24.5%
Carl LucasLuke Cage
23.8%
Blackagar BoltagonBlack Bolt
21.9%
Brian BraddockCaptain Britain
21.9%
Jamie MadroxMultiple Man
21.2%
Ilyana RasputinMagik
20.9%
Nate GreyX-Man
20.4%
Nathaniel EssexMr Sinister
19.8%
Jessica JonesJewel
18%
Bob ReynoldsSentry
17.7%
Lorna DanePolaris
17.6%
Sam GuthrieCannonball
17.2%
James ProudstarWarpath
17%
Carl CreelAbsorbing Man
16.7%
Marc SpectorMoon Knight
16.4%
Secret Identity Costumed Name % Correct
Simon WilliamsWonder Man
16.3%
Bobbi MorseMockingbird
16.1%
Jean-Paul BeaubierNorthstar
15.2%
Roberto da CostaSunspot
13.9%
Alison BlaireDazzler
13.5%
Rahne SinclairWolfsbane
13.1%
Patsy WalkerHellcat
13.1%
Zebediah KillgravePurple Man
13.1%
Amahl FaroukShadow King
12.6%
Tandy BowenDagger
12%
Tyrone JohnsonCloak
11.9%
Jeanne-Marie BeaubierAurora
11.8%
Laura KinneyX-23
11.7%
Irene AdlerDestiny
11.6%
Doug RamseyCypher
10.9%
Karla SofenMoonstone
10.8%
John WalkerUSAgent
10.4%
Karl LykosSauron
10.3%
Amara AquillaMagma
10%
Cassandra LangStature
9.7%
Teddy AltmanHulkling
9.6%
Eli BradleyPatriot
9.6%
Angelica JonesFirestar
9.5%
Walter LangkowskiSasquatch
9.4%
Billy KaplanWiccan
9.1%
Jericho DrummBrother Voo Doo
9%
James HudsonGuardian
8.8%
Melissa GoldSongbird
8.5%
Greer GrantTigra
8.2%
Clarice FergusonBlink
7.9%
Wendell VaughnQuasar
6.7%
Ashley CrawfordBig Bertha
5.5%

You're not logged in!

Compare scores with friends on all Sporcle quizzes.
OR
Log In

Show Comments

Extras

Top Quizzes Today


Score Distribution

Your Account Isn't Verified!

In order to create a playlist on Sporcle, you need to verify the email address you used during registration. Go to your Sporcle Settings to finish the process.

Report this User

Report this user for behavior that violates our Community Guidelines.

Details: